| 000 | 00498nam a2200169 u 4500 | ||
|---|---|---|---|
| 001 | 000020290 | ||
| 005 | 20200929170341.0 | ||
| 008 | 100813s1984 xxua 001 0 eng d | ||
| 020 | _a0070158606 | ||
| 040 |
_aDO-SdBNP _bspa _cBNPHU |
||
| 082 |
_axxxxxxxx _bxxxxxxxx |
||
| 100 | 1 |
_aDavis, John H. _942927 |
|
| 245 | 1 | 0 |
_aThe Kennedys : _bdynasty and disaster 1848-1983 / _cJohn H. Davis. |
| 260 |
_aNew York, : _bMcGraw-Hill, _c1984. |
||
| 300 |
_a722 p. : _bil. ; _c24 cm. |
||
| 500 | _aIncluye índice | ||
| 999 |
_c19794 _d19794 |
||